[Event "CZE Czechia-ch U12"]
[Site "Harrachov"]
[Date "2009.10.30"]
[Round "8"]
[White "Liska, Jiri2222"]
[Black "Chvatil, Simon"]
[Result "1-0"]
[WhiteElo "1551"]
[BlackElo "1000"]
[PlyCount "77"]
[EventDate "2009.10.24"]
[EventType "swiss"]
[EventRounds "9"]
[EventCountry "CZE"]
[SourceTitle "EXT 2012"]
[Source "ChessBase"]
[SourceDate "2011.11.24"]
[SourceVersion "1"]
[SourceVersionDate "2011.11.24"]
[SourceQuality "1"]

1. e4 e5 2. Nf3 Nc6 3. d4 exd4 4. Bc4 Nf6 5. 0-0 Bc5 6. e5 d5 7. exf6 dxc4 8. Re1+ Be6 9. Bg5 g6 10. Ne5 Nxe5 11. Rxe5 Qd6 12. Bf4 0-0-0 13. Re4 Qc6 14. Re1 Rhe8 15. a4 Bg4 16. Qxg4+ Kb8 17. Rxe8 Rxe8 18. Qd1 Qxf6 19. Bg3 Qf5 20. Nd2 h5 21. Nxc4 Bb4 22. f3 Qe6 23. Ne5 Bd6 24. Nd3 Qe3+ 25. Bf2 Qg5 26. Bxd4 h4 27. Bf2 f5 28. Qc1 f4 29. h3 Qf6 30. Qd2 b6 31. Re1 Rxe1+ 32. Qxe1 g5 33. Qe8+ Kb7 34. Qe4+ c6 35. Qd4 Qf8 36. a5 c5 37. Qd5+ Ka6 38. axb6 axb6 39. Qxg5 1-0